[Event "BCF-chT 0102 (4NCL)"]
[Site "Birmingham"]
[Date "2002.03.24"]
[Round "8.6"]
[White "Anderton, David William"]
[Black "Kinsman, Andrew PH"]
[Result "1/2-1/2"]
[WhiteElo "2230"]
[BlackElo "2401"]
[PlyCount "47"]
[EventDate "2001.09.22"]
[EventType "team"]
[EventRounds "11"]
[EventCountry "ENG"]
[SourceTitle "CBM 084 Extra"]
[Source "ChessBase"]
[SourceDate "2001.10.26"]
[SourceVersion "1"]
[SourceVersionDate "2001.10.26"]
[SourceQuality "1"]
[WhiteTeam "Beeson Gregory II"]
[BlackTeam "Guildford"]
[WhiteTeamCountry "ENG"]
[BlackTeamCountry "ENG"]

1. d4 Nf6 2. c4 c5 3. d5 b5 4. cxb5 a6 5. b6 e6 6. Nc3 Nxd5 7. Nxd5 exd5 8. Qxd5 Nc6 9. Nf3 Rb8 10. e4 Be7 11. Bc4 0-0 12. 0-0 Rxb6 13. Qh5 d6 14. Rd1 Be6 15. Bxe6 fxe6 16. Ng5 Bxg5 17. Bxg5 Qc7 18. Rd2 Rb4 19. Re1 h6 20. Bxh6 gxh6 21. Qxh6 Qe7 22. Qg6+ Kh8 23. Qh6+ Kg8 24. Qg6+ 1/2-1/2

[Event "Staffordshire GM"]
[Site "Lichfield"]
[Date "2000.07.13"]
[Round "8"]
[White "Summerscale, Aaron"]
[Black "Kinsman, Andrew PH"]
[Result "1-0"]
[WhiteElo "2430"]
[BlackElo "2399"]
[PlyCount "91"]
[EventDate "2000.07.06"]
[EventType "tourn"]
[EventRounds "9"]
[EventCountry "ENG"]
[EventCategory "8"]
[SourceTitle "CBM 077 Extra"]
[Source "ChessBase"]
[SourceDate "2000.09.14"]
[SourceVersion "1"]
[SourceVersionDate "2000.09.14"]
[SourceQuality "1"]

1. d4 e6 2. c4 b6 3. a3 Bb7 4. Nc3 f5 5. Nf3 Nf6 6. d5 Bd6 7. g3 Na6 8. Bg2 Nc5 9. Nd4 a5 10. 0-0 0-0 11. Ncb5 Nfe4 12. f3 Nf6 13. Nxd6 cxd6 14. Nb5 exd5 15. Nxd6 Bc6 16. cxd5 Nxd5 17. e4 fxe4 18. fxe4 Nc7 19. Be3 N7e6 20. b4 Ba4 21. Qd5 Bc6 22. Qe5 axb4 23. axb4 Rxa1 24. Rxa1 Nb7 25. Nf5 b5 26. Bd4 Qf6 27. Qxf6 gxf6 28. Ne7+ Kf7 29. Nxc6 dxc6 30. Bc3 Nbd8 31. Ra7+ Kg8 32. Bh3 Rf7 33. Ra8 Kg7 34. Bf5 Re7 35. Kg2 Nf7 36. Rc8 Nc7 37. g4 h6 38. h4 Nd6 39. e5 Nxc8 40. exf6+ Kf7 41. fxe7 Nxe7 42. Be4 Na6 43. Bd2 Kg7 44. Bf3 c5 45. bxc5 Nxc5 46. Bb4 1-0

[Event "BCF-chT 9900 (4NCL)"]
[Site "Birmingham"]
[Date "2000.05.01"]
[Round "11.5"]
[White "Kinsman, Andrew PH"]
[Black "Plueg, Andreas"]
[Result "1/2-1/2"]
[WhiteElo "2399"]
[BlackElo "2347"]
[PlyCount "42"]
[EventDate "1999.10.??"]
[EventType "team"]
[EventRounds "11"]
[EventCountry "ENG"]
[SourceTitle "EXT 2000"]
[Source "ChessBase"]
[SourceDate "1999.11.16"]
[SourceVersion "1"]
[SourceVersionDate "1999.11.16"]
[SourceQuality "1"]
[WhiteTeam "Guildford"]
[BlackTeam "Barbican"]
[WhiteTeamCountry "ENG"]
[BlackTeamCountry "ENG"]

1. d4 d5 2. c4 e6 3. Nf3 Nf6 4. g3 Be7 5. Bg2 0-0 6. 0-0 Nbd7 7. Qc2 c6 8. b3 b5 9. c5 Ne4 10. Ne1 e5 11. e3 exd4 12. exd4 Bf6 13. Bb2 Re8 14. Nd2 Nxd2 15. Qxd2 a5 16. Nd3 Nf8 17. Rfe1 Bf5 18. Rxe8 Qxe8 19. Re1 Qd7 20. Ne5 Bxe5 21. Rxe5 a4 1/2-1/2

[Event "BCF-chT 9900 (4NCL)"]
[Site "Birmingham"]
[Date "2000.03.26"]
[Round "8.7"]
[White "Henderson, John B"]
[Black "Kinsman, Andrew PH"]
[Result "0-1"]
[WhiteElo "2174"]
[BlackElo "2399"]
[PlyCount "62"]
[EventDate "1999.10.??"]
[EventType "team"]
[EventRounds "11"]
[EventCountry "ENG"]
[SourceTitle "EXT 2000"]
[Source "ChessBase"]
[SourceDate "1999.11.16"]
[SourceVersion "1"]
[SourceVersionDate "1999.11.16"]
[SourceQuality "1"]
[WhiteTeam "Wood Green II"]
[BlackTeam "Guildford"]
[WhiteTeamCountry "ENG"]
[BlackTeamCountry "ENG"]

1. d4 Nf6 2. Nf3 c5 3. d5 e6 4. c4 exd5 5. cxd5 d6 6. Nc3 g6 7. e4 Bg7 8. h3 0-0 9. Bf4 Re8 10. Bd3 Nxe4 11. Nxe4 f5 12. Nfg5 fxe4 13. Nxe4 Bf5 14. f3 c4 15. Bc2 Qa5+ 16. Kf1 Bxe4 17. Bxe4 Bxb2 18. Rb1 c3 19. Qc2 Nd7 20. Bxg6 Re7 21. Be4 Nf6 22. Bg5 Nxe4 23. Bxe7 Nd2+ 24. Kg1 Qxd5 25. Re1 Qd4+ 26. Kh2 Qf4+ 27. g3 Nxf3+ 28. Kg2 Nxe1+ 29. Rxe1 Qd2+ 30. Qxd2 cxd2 31. Rd1 Bc3 0-1

[Event "Cannes op"]
[Site "Cannes"]
[Date "2000.02.23"]
[Round "4"]
[White "Lamorelle, Julien"]
[Black "Kinsman, Andrew PH"]
[Result "0-1"]
[WhiteElo "2192"]
[BlackElo "2399"]
[PlyCount "72"]
[EventDate "2000.02.20"]
[EventType "swiss"]
[EventRounds "9"]
[EventCountry "FRA"]
[SourceTitle "EXT 2001"]
[Source "ChessBase"]
[SourceDate "2000.11.22"]
[SourceVersion "1"]
[SourceVersionDate "2000.11.22"]
[SourceQuality "1"]

1. e4 e6 2. d4 d5 3. e5 c5 4. c3 Nc6 5. Nf3 Bd7 6. Bd3 cxd4 7. cxd4 Qb6 8. Nc3 Nxd4 9. Nxd4 Qxd4 10. 0-0 Qxe5 11. Re1 Qb8 12. Nxd5 Bd6 13. Qg4 Kf8 14. Bd2 h5 15. Qh3 Bc6 16. Ne3 Nf6 17. Nc4 Bc7 18. Bc3 Ng4 19. Re2 Kg8 20. Rae1 Bxh2+ 21. Kf1 Bf4 22. Ne5 Bd5 23. f3 Nxe5 24. Bxe5 Bxe5 25. Rxe5 h4 26. Qg4 Qd8 27. Rh5 Rxh5 28. Qxh5 f5 29. Rd1 Bc4 30. Ke2 Bxd3+ 31. Rxd3 Qf6 32. f4 Qxb2+ 33. Rd2 Qb5+ 34. Ke1 Re8 35. Qd1 Qb4 36. a3 Qxf4 0-1

[Event "White Rose Int 2nd"]
[Site "York"]
[Date "2000.02.01"]
[Round "9"]
[White "Kinsman, Andrew PH"]
[Black "Saunders, John C"]
[Result "1-0"]
[WhiteElo "2399"]
[BlackElo "2200"]
[PlyCount "125"]
[EventDate "2000.01.24"]
[EventType "tourn"]
[EventRounds "9"]
[EventCountry "ENG"]
[EventCategory "1"]
[SourceTitle "CBM 074 Extra"]
[Source "ChessBase"]
[SourceDate "2000.03.10"]
[SourceVersion "2"]
[SourceVersionDate "2000.03.10"]
[SourceQuality "1"]

1. d4 g6 2. e4 Bg7 3. Nc3 c6 4. Be3 d5 5. Qd2 dxe4 6. Nxe4 Nf6 7. Nxf6+ Bxf6 8. 0-0-0 0-0 9. Bh6 Re8 10. h4 e5 11. dxe5 Qxd2+ 12. Bxd2 Bxe5 13. Re1 Bd7 14. Nf3 Bg7 15. Bc4 b5 16. Bb3 h6 17. Bf4 a5 18. a3 Na6 19. Ne5 Bxe5 20. Bxe5 Nc5 21. Ba2 Be6 22. Bxe6 Rxe6 23. Bd4 Rxe1+ 24. Rxe1 Ne6 25. Bb6 a4 26. g3 Kg7 27. Rd1 g5 28. h5 Rb8 29. Ba5 c5 30. Bc3+ Kf8 31. Be5 Rb6 32. Bf6 Ng7 33. Rd8+ Ne8 34. Bc3 Ke7 35. Rc8 Kd7 36. Rxc5 Nd6 37. Rd5 Ke6 38. Re5+ Kd7 39. Bb4 Nc8 40. Rd5+ Ke6 41. Rd8 Rc6 42. f3 Nb6 43. Rh8 Kf5 44. Rh7 f6 45. Rxh6 Nc4 46. Rh7 Ne5 47. Rb7 Nxf3 48. Rxb5+ Kg4 49. h6 Rc7 50. Bf8 Kh5 51. Bg7 Kg6 52. Rb6 Rf7 53. b3 axb3 54. cxb3 Ne5 55. Rd6 Ng4 56. b4 Re7 57. Kd2 Ra7 58. Rd3 Ne5 59. Rc3 g4 60. Kc2 Nf3 61. Kb2 Nd2 62. Rc6 Ne4 63. Re6 1-0

[Event "BCF-chT2 9899 (4NCL)"]
[Site "England"]
[Date "1999.05.02"]
[Round "10.1"]
[White "Gretarsson, Helgi Ass"]
[Black "Kinsman, Andrew PH"]
[Result "1/2-1/2"]
[WhiteElo "2459"]
[BlackElo "2369"]
[PlyCount "86"]
[EventDate "1998.10.??"]
[EventType "team"]
[EventRounds "11"]
[EventCountry "ENG"]
[SourceTitle "EXT 2000"]
[Source "ChessBase"]
[SourceDate "1999.11.16"]
[SourceVersion "1"]
[SourceVersionDate "1999.11.16"]
[SourceQuality "1"]
[WhiteTeam "White Rose"]
[BlackTeam "Guildford"]
[WhiteTeamCountry "ENG"]
[BlackTeamCountry "ENG"]

1. Nf3 Nf6 2. g3 d5 3. Bg2 c6 4. b3 Bg4 5. Bb2 Nbd7 6. 0-0 e6 7. d3 Bd6 8. Nbd2 0-0 9. h3 Bxf3 10. Nxf3 Qe7 11. a3 Rac8 12. c4 e5 13. Qc2 Rfd8 14. b4 c5 15. b5 dxc4 16. dxc4 e4 17. Ng5 Re8 18. Rad1 h6 19. Bxf6 Nxf6 20. Nxe4 Nxe4 21. Bxe4 Qxe4 22. Qxe4 Rxe4 23. Rxd6 Rxc4 24. Rd7 Ra4 25. Rxb7 c4 26. Rc1 c3 27. b6 axb6 28. Rxb6 Rxa3 29. Rc2 Ra7 30. Kg2 Rd7 31. Kf3 Kf8 32. Rb3 Rdc7 33. Rb4 h5 34. Ke3 g6 35. Kd3 Rd8+ 36. Rd4 Rdc8 37. Ke3 Ke7 38. Kf3 Ke6 39. Rd3 Rc5 40. Kg2 Rc4 41. Kf1 R4c5 42. Ke1 R8c7 43. Kf1 Rc8 1/2-1/2

[Event "BCF-chT2 9899 (4NCL)"]
[Site "England"]
[Date "1999.05.01"]
[Round "9.1"]
[White "Jakubovics, Nick S"]
[Black "Kinsman, Andrew PH"]
[Result "1/2-1/2"]
[WhiteElo "2210"]
[BlackElo "2369"]
[PlyCount "42"]
[EventDate "1998.10.??"]
[EventType "team"]
[EventRounds "11"]
[EventCountry "ENG"]
[SourceTitle "EXT 2000"]
[Source "ChessBase"]
[SourceDate "1999.11.16"]
[SourceVersion "1"]
[SourceVersionDate "1999.11.16"]
[SourceQuality "1"]
[WhiteTeam "Bristol II"]
[BlackTeam "Guildford"]
[WhiteTeamCountry "ENG"]
[BlackTeamCountry "ENG"]

1. e4 e6 2. d4 d5 3. Nd2 Nf6 4. e5 Nfd7 5. Bd3 c5 6. c3 Nc6 7. Ne2 cxd4 8. cxd4 f6 9. exf6 Nxf6 10. 0-0 Bd6 11. Nf3 Qb6 12. b3 0-0 13. Bb2 Bd7 14. Ng3 Bf4 15. Ne5 Be8 16. Nxc6 Bxc6 17. Nh5 Bd6 18. Re1 Be8 19. Ng3 Bd7 20. Rc1 Rae8 21. Bb1 a5 1/2-1/2

[Event "Oberliga NRW 9899 II"]
[Site "Germany"]
[Date "1999.03.16"]
[Round "7.3"]
[White "Meyer, Heinz Dieter"]
[Black "Kinsman, Andrew PH"]
[Result "0-1"]
[WhiteElo "2305"]
[BlackElo "2430"]
[PlyCount "84"]
[EventDate "1998.10.10"]
[EventType "team"]
[EventRounds "9"]
[EventCountry "GER"]
[SourceTitle "EXT 2000"]
[Source "ChessBase"]
[SourceDate "1999.11.16"]
[SourceVersion "1"]
[SourceVersionDate "1999.11.16"]
[SourceQuality "1"]
[WhiteTeam "Detmold"]
[BlackTeam "Wuppertal"]
[WhiteTeamCountry "GER"]
[BlackTeamCountry "GER"]

1. c4 Nf6 2. Nf3 c5 3. Nc3 Nc6 4. g3 e6 5. Bg2 d5 6. cxd5 Nxd5 7. 0-0 Be7 8. d4 0-0 9. Nxd5 exd5 10. dxc5 Bxc5 11. Qc2 Bb6 12. Bf4 Qf6 13. Bg5 Qe6 14. Rad1 h6 15. Bf4 Re8 16. Rfe1 Qf6 17. e4 dxe4 18. Rxe4 Bf5 19. Rxe8+ Rxe8 20. Qc3 Qxc3 21. bxc3 Re2 22. Nd4 Nxd4 23. cxd4 Bxd4 24. Bxb7 Bxf2+ 25. Kh1 Rxa2 26. Rd8+ Kh7 27. Bd5 Bb6 28. Re8 Rb2 29. h4 Bg6 30. Re7 f6 31. Rb7 h5 32. Bd6 Bd4 33. Rc7 Rc2 34. Rb7 Rc8 35. Bf4 Re8 36. Kg2 Bd3 37. Bf3 Be4 38. Rb5 Bxf3+ 39. Kxf3 Kg6 40. Rd5 Be5 41. Rd7 Bxf4 42. Kxf4 Ra8 0-1

[Event "Sutton op"]
[Site "Sutton"]
[Date "1999.??.??"]
[Round "1"]
[White "Kinsman, Andrew PH"]
[Black "Taylor, Martin R"]
[Result "1-0"]
[WhiteElo "2369"]
[BlackElo "2097"]
[PlyCount "97"]
[EventDate "1999.??.??"]
[EventType "swiss"]
[EventRounds "7"]
[EventCountry "ENG"]
[SourceTitle "EXT 2000"]
[Source "ChessBase"]
[SourceDate "1999.11.16"]
[SourceVersion "1"]
[SourceVersionDate "1999.11.16"]
[SourceQuality "1"]

1. d4 d5 2. Nf3 Nf6 3. c4 e6 4. g3 Nbd7 5. Bg2 Be7 6. 0-0 0-0 7. Qc2 a6 8. b3 c5 9. cxd5 exd5 10. Bb2 b6 11. Nbd2 Bb7 12. Rac1 Rc8 13. Qb1 Re8 14. Rfd1 Bd6 15. e3 b5 16. dxc5 Nxc5 17. Nd4 b4 18. Nf5 Bf8 19. Nc4 g6 20. Nh4 Ncd7 21. Nd2 Qb6 22. Nhf3 Nc5 23. Bh3 Rcd8 24. Bd4 Bc8 25. Bg2 Bf5 26. Qa1 Nfd7 27. Nh4 Be6 28. e4 Qb7 29. Qb1 dxe4 30. Nxe4 Nxe4 31. Bxe4 Qb8 32. Bc6 Rc8 33. Qd3 Qd6 34. Qf3 Red8 35. Bb2 Ne5 36. Qe2 Qxd1+ 37. Rxd1 Rxd1+ 38. Qxd1 Nxc6 39. Nf3 Rd8 40. Qc2 Bd5 41. Nd2 Be6 42. Ne4 Nd4 43. Qc7 Rc8 44. Nf6+ Kh8 45. Qa5 Ne2+ 46. Kf1 Nc3 47. Ne4 Bh3+ 48. Ke1 Re8 49. f3 1-0

[Event "Owens Corning"]
[Site "Wrexham"]
[Date "1998.11.25"]
[Round "8"]
[White "Ward, Christopher"]
[Black "Kinsman, Andrew PH"]
[Result "0-1"]
[WhiteElo "2505"]
[BlackElo "2385"]
[PlyCount "104"]
[EventDate "1998.11.08"]
[EventType "tourn"]
[EventRounds "9"]
[EventCountry "WLS"]
[EventCategory "7"]
[SourceTitle "CBM 067 Extra"]
[Source "ChessBase"]
[SourceDate "1999.01.01"]
[SourceVersion "1"]
[SourceVersionDate "1999.01.01"]
[SourceQuality "1"]

1. d4 Nf6 2. c4 c5 3. d5 b5 4. a4 bxc4 5. Nc3 d6 6. e4 Ba6 7. f4 g6 8. Nf3 Bg7 9. e5 dxe5 10. fxe5 Ng4 11. Bf4 Nd7 12. Qe2 Qb8 13. d6 exd6 14. exd6+ Kd8 15. Nb5 Re8 16. Qe7+ Rxe7+ 17. dxe7+ Kxe7 18. Bxb8 Rxb8 19. Bxc4 Ne3 20. Bd3 c4 21. Kf2 Ng4+ 22. Kg3 Nge5 23. Be4 Nxf3 24. Bxf3 Bxb2 25. Rad1 Be5+ 26. Kh3 Bxb5 27. axb5 Rxb5 28. Bc6 Rb3+ 29. g3 Nb6 30. Rhe1 f6 31. Rd2 a5 32. Ra2 Kd6 33. Be8 Bc3 34. Rd1+ Kc5 35. Re2 Be5 36. Ra2 Kb4 37. Bf7 a4 38. Bg8 h6 39. Bf7 g5 40. Kg4 a3 41. Kh5 Rb2 42. Rxb2+ Bxb2 43. Rd6 Na4 44. Rc6 c3 45. Kxh6 Nc5 46. Rb6+ Ka5 47. Rc6 Kb5 48. Rxf6 c2 49. Rf1 c1Q 50. Rxc1 Bxc1 51. Kg6 Kb4 52. Ba2 Kc3 0-1

[Event "BCF-chT2 9899 (4NCL)"]
[Site "England"]
[Date "1998.10.25"]
[Round "2.1"]
[White "Kinsman, Andrew PH"]
[Black "Morris, Gareth"]
[Result "1-0"]
[WhiteElo "2385"]
[BlackElo "2170"]
[PlyCount "59"]
[EventDate "1998.10.??"]
[EventType "team"]
[EventRounds "11"]
[EventCountry "ENG"]
[SourceTitle "EXT 2000"]
[Source "ChessBase"]
[SourceDate "1999.11.16"]
[SourceVersion "1"]
[SourceVersionDate "1999.11.16"]
[SourceQuality "1"]
[WhiteTeam "Guildford"]
[BlackTeam "Nidum Knights"]
[WhiteTeamCountry "ENG"]
[BlackTeamCountry "ENG"]

1. d4 Nf6 2. Nf3 c5 3. d5 d6 4. c4 g6 5. Nc3 Bg7 6. h3 0-0 7. e4 b5 8. cxb5 a6 9. a4 axb5 10. Bxb5 Ba6 11. Be3 Qa5 12. 0-0 Rc8 13. Ra3 Nfd7 14. Qc2 Nb6 15. Bd2 N6d7 16. Rd1 c4 17. Ne2 Qb6 18. Be3 Qb7 19. Nfd4 Ne5 20. Nc3 Qc7 21. Qd2 Nbd7 22. Nc6 Nxc6 23. dxc6 Nf6 24. Nd5 Nxd5 25. exd5 c3 26. Qd3 Qa5 27. Bxa6 Qxa6 28. Qxa6 Rxa6 29. b4 c2 30. Rf1 1-0

[Event "FRA-chT"]
[Site "France"]
[Date "1998.04.03"]
[Round "5"]
[White "Chabanon, Jean Luc"]
[Black "Kinsman, Andrew PH"]
[Result "1-0"]
[WhiteElo "2465"]
[BlackElo "2430"]
[PlyCount "77"]
[EventDate "1998.02.06"]
[EventType "team"]
[EventRounds "11"]
[EventCountry "FRA"]
[SourceTitle "CBM 064 Extra"]
[Source "ChessBase"]
[SourceDate "1998.07.07"]
[SourceVersion "1"]
[SourceVersionDate "1998.07.07"]
[SourceQuality "1"]

1. d4 e6 2. c4 Nf6 3. Nc3 c5 4. d5 exd5 5. cxd5 d6 6. e4 g6 7. h3 Bg7 8. Bd3 0-0 9. Nge2 b6 10. 0-0 Ba6 11. Bxa6 Nxa6 12. Bg5 Nc7 13. f4 Qd7 14. Ng3 Rfe8 15. Qf3 h6 16. Bxf6 Bxf6 17. e5 dxe5 18. Nce4 Bg7 19. f5 Rad8 20. d6 Nb5 21. fxg6 fxg6 22. Qb3+ Re6 23. Rad1 Kh7 24. Rd2 Nd4 25. Qd5 Rf8 26. Rdf2 Rxf2 27. Rxf2 Kh8 28. h4 Qc6 29. Qxc6 Nxc6 30. Rf7 Kg8 31. Rc7 Nd8 32. h5 Kf8 33. Rxa7 gxh5 34. Nf5 Bf6 35. Nxh6 Ke8 36. Nf5 Nc6 37. Rh7 Nd4 38. d7+ Kd8 39. Nfd6 1-0

[Event "FRA-chT"]
[Site "France"]
[Date "1998.02.06"]
[Round "1"]
[White "Kinsman, Andrew PH"]
[Black "Gofshtein, Leonid D"]
[Result "0-1"]
[WhiteElo "2430"]
[BlackElo "2520"]
[PlyCount "61"]
[EventDate "1998.02.06"]
[EventType "team"]
[EventRounds "11"]
[EventCountry "FRA"]
[SourceTitle "CBM 064 Extra"]
[Source "ChessBase"]
[SourceDate "1998.07.07"]
[SourceVersion "1"]
[SourceVersionDate "1998.07.07"]
[SourceQuality "1"]

1. d4 d6 2. e4 g6 3. Nc3 Bg7 4. Be3 a6 5. Qd2 Nd7 6. Nf3 b5 7. a4 b4 8. Ne2 c5 9. Ng3 Bb7 10. Bd3 Ngf6 11. Bh6 Bxh6 12. Qxh6 cxd4 13. 0-0 e5 14. Bc4 Rc8 15. Bb3 Nc5 16. Qg7 Rf8 17. Ng5 Nxb3 18. cxb3 h6 19. Qxh6 Ke7 20. Nh3 Kd7 21. Qd2 Nxe4 22. Nxe4 Bxe4 23. Qxb4 Rb8 24. Qc4 Qa5 25. Qe2 Bf5 26. Rac1 Rxb3 27. f4 d3 28. Qd1 Rxb2 29. fxe5 d2 30. Rc4 Rb1 31. Qe2 0-1

[Event "Cannes op"]
[Site "Cannes"]
[Date "1998.??.??"]
[Round "7"]
[White "Bokan, Danko"]
[Black "Kinsman, Andrew PH"]
[Result "0-1"]
[WhiteElo "2380"]
[BlackElo "2430"]
[PlyCount "102"]
[EventDate "1998.02.21"]
[EventType "swiss"]
[EventRounds "9"]
[EventCountry "FRA"]
[SourceTitle "CBM 063 Extra"]
[Source "ChessBase"]
[SourceDate "1998.04.29"]
[SourceVersion "1"]
[SourceVersionDate "1998.04.29"]
[SourceQuality "1"]

1. e4 e6 2. d4 d5 3. e5 c5 4. c3 Qb6 5. Nf3 Bd7 6. Bd3 Bb5 7. dxc5 Bxc5 8. b4 Bf8 9. 0-0 Bxd3 10. Qxd3 Ne7 11. Na3 Nbc6 12. Be3 Qd8 13. Bg5 Qb8 14. Nb5 Ng6 15. Rae1 h6 16. Bc1 Be7 17. Nfd4 Nxd4 18. Nxd4 Nxe5 19. Qh3 Nc6 20. Nxe6 fxe6 21. Qxe6 a6 22. a4 Qc7 23. b5 axb5 24. axb5 Nd8 25. Qg6+ Kf8 26. Be3 Qxc3 27. Qf5+ Qf6 28. Qxd5 Qf7 29. Qd7 Bb4 30. Rd1 Qxd7 31. Rxd7 Be7 32. Re1 Bf6 33. g4 Ke8 34. Rc7 Ra1 35. Bc1+ Kf8 36. Kg2 Kg8 37. h4 Bxh4 38. Re8+ Kh7 39. Rxg7+ Kxg7 40. Bb2+ Kf7 41. Rxh8 Rb1 42. Rxh6 Rxb2 43. Rxh4 Rxb5 44. f4 Rb3 45. f5 Kg7 46. g5 Nf7 47. Rh5 Nd6 48. g6 Kf6 49. Kh2 Rb5 50. Rg5 Rxf5 51. Rxf5+ Nxf5 0-1

[Event "Paris op"]
[Site "Paris"]
[Date "1998.??.??"]
[Round "7"]
[White "Chery, Eric"]
[Black "Kinsman, Andrew PH"]
[Result "1-0"]
[WhiteElo "2155"]
[BlackElo "2385"]
[PlyCount "49"]
[EventDate "1998.07.??"]
[EventType "swiss"]
[EventRounds "9"]
[EventCountry "FRA"]
[SourceTitle "EXT 2000"]
[Source "ChessBase"]
[SourceDate "1999.11.16"]
[SourceVersion "1"]
[SourceVersionDate "1999.11.16"]
[SourceQuality "1"]

1. e4 e6 2. d4 d5 3. e5 c5 4. c3 Qb6 5. Nf3 Bd7 6. Na3 cxd4 7. cxd4 Bxa3 8. bxa3 Nc6 9. Be2 Nge7 10. 0-0 Nf5 11. Be3 0-0 12. Bd3 Na5 13. Rb1 Qc7 14. Bd2 Nc4 15. Bb4 Rfe8 16. g4 Ne7 17. Rc1 Bb5 18. Bb1 a5 19. Ng5 Ng6 20. Bd6 Qd8 21. Rxc4 Bxc4 22. h4 Bxf1 23. Qf3 f5 24. Bxf5 exf5 25. Qxd5+ 1-0

[Event "Cannes op"]
[Site "Cannes"]
[Date "1998.??.??"]
[Round "6"]
[White "Doghri, Nabil"]
[Black "Kinsman, Andrew PH"]
[Result "0-1"]
[WhiteElo "2350"]
[BlackElo "2430"]
[PlyCount "68"]
[EventDate "1998.02.21"]
[EventType "swiss"]
[EventRounds "9"]
[EventCountry "FRA"]
[SourceTitle "CBM 063 Extra"]
[Source "ChessBase"]
[SourceDate "1998.04.29"]
[SourceVersion "1"]
[SourceVersionDate "1998.04.29"]
[SourceQuality "1"]

1. e4 e6 2. d4 d5 3. Nc3 Bb4 4. e5 c5 5. a3 Bxc3+ 6. bxc3 Qc7 7. Qg4 f5 8. Qg3 Ne7 9. Bd2 0-0 10. Bd3 b6 11. Nf3 Ba6 12. h4 Bxd3 13. cxd3 Nec6 14. h5 Qd7 15. Bg5 cxd4 16. cxd4 Rc8 17. h6 g6 18. Bf6 Qf7 19. Qf4 Nd7 20. Ng5 Qe8 21. Kf1 Nd8 22. Bxd8 Rxd8 23. g4 Nf8 24. Rg1 Kh8 25. Qg3 fxg4 26. Qf4 Rd7 27. Rc1 Re7 28. Rxg4 Nd7 29. Rc7 Kg8 30. Qf3 Qd8 31. Rc6 Qe8 32. Rf4 Nxe5 33. dxe5 Qxc6 34. Nf7 Rf8 0-1

[Event "Cannes op"]
[Site "Cannes"]
[Date "1998.??.??"]
[Round "8"]
[White "Kinsman, Andrew PH"]
[Black "Bouaziz, Slim"]
[Result "0-1"]
[WhiteElo "2430"]
[BlackElo "2385"]
[PlyCount "70"]
[EventDate "1998.02.21"]
[EventType "swiss"]
[EventRounds "9"]
[EventCountry "FRA"]
[SourceTitle "CBM 063 Extra"]
[Source "ChessBase"]
[SourceDate "1998.04.29"]
[SourceVersion "1"]
[SourceVersionDate "1998.04.29"]
[SourceQuality "1"]

1. d4 Nf6 2. c4 e6 3. Nf3 c5 4. d5 exd5 5. cxd5 g6 6. Nc3 d6 7. Bf4 Bg7 8. Qa4+ Bd7 9. Qb3 Qc7 10. e4 0-0 11. Nd2 Nh5 12. Be3 f5 13. exf5 gxf5 14. Be2 Be8 15. Nf3 f4 16. Bd2 h6 17. 0-0 Nd7 18. Rfe1 a6 19. a4 Rb8 20. Bd3 Rc8 21. Qc2 Ne5 22. Nxe5 Bxe5 23. Bf5 Rd8 24. Be6+ Kh8 25. Ne4 Bg6 26. Bc3 Bxc3 27. Qxc3+ Qg7 28. a5 Nf6 29. Nxf6 Qxf6 30. Ra3 Rde8 31. Qxf6+ Rxf6 32. Rb3 f3 33. g3 Bf7 34. Rb6 Bxe6 35. Rxd6 Bg8 0-1

[Event "Cannes op"]
[Site "Cannes"]
[Date "1998.??.??"]
[Round "3"]
[White "Kinsman, Andrew PH"]
[Black "Korneev, Oleg"]
[Result "0-1"]
[WhiteElo "2430"]
[BlackElo "2560"]
[PlyCount "86"]
[EventDate "1998.02.21"]
[EventType "swiss"]
[EventRounds "9"]
[EventCountry "FRA"]
[SourceTitle "CBM 063 Extra"]
[Source "ChessBase"]
[SourceDate "1998.04.29"]
[SourceVersion "1"]
[SourceVersionDate "1998.04.29"]
[SourceQuality "1"]

1. d4 d5 2. Nf3 Nf6 3. c4 c6 4. Nc3 e6 5. Qb3 dxc4 6. Qxc4 b5 7. Qd3 Be7 8. a3 0-0 9. e4 a6 10. e5 Nd5 11. Ne4 f5 12. exf6 Nxf6 13. Qc2 Nxe4 14. Qxe4 e5 15. dxe5 Bf5 16. Qd4 c5 17. Qxd8 Bxd8 18. a4 b4 19. Bc4+ Kh8 20. Bd5 Ra7 21. Be3 Be7 22. Ng5 Nd7 23. f4 Bxg5 24. fxg5 Re8 25. Bf4 Nxe5 26. 0-0 Rd7 27. Bb3 Nd3 28. Bg3 Bg6 29. Rab1 Rd4 30. Bf7 Bxf7 31. Rxf7 c4 32. Rc7 b3 33. Rd1 Rde4 34. h4 R4e7 35. Rc6 Nxb2 36. Rd2 Nd3 37. Rxc4 b2 38. Rd1 Kg8 39. Rc6 Re6 40. Rc7 R6e7 41. Rc6 a5 42. Kh2 Re4 43. Rb6 Rb4 0-1

[Event "Cannes op"]
[Site "Cannes"]
[Date "1998.??.??"]
[Round "9"]
[White "Kinsman, Andrew PH"]
[Black "Lamoureux, Charles"]
[Result "0-1"]
[WhiteElo "2430"]
[BlackElo "2370"]
[PlyCount "78"]
[EventDate "1998.02.21"]
[EventType "swiss"]
[EventRounds "9"]
[EventCountry "FRA"]
[SourceTitle "CBM 063 Extra"]
[Source "ChessBase"]
[SourceDate "1998.04.29"]
[SourceVersion "1"]
[SourceVersionDate "1998.04.29"]
[SourceQuality "1"]

1. d4 c5 2. d5 e5 3. e4 d6 4. Nc3 Be7 5. Bb5+ Nd7 6. f4 exf4 7. Bxf4 Ngf6 8. Nf3 a6 9. Bxd7+ Bxd7 10. 0-0 0-0 11. e5 dxe5 12. Nxe5 Bd6 13. Qf3 Qc7 14. Nxd7 Qxd7 15. Bxd6 Qxd6 16. a4 Rfe8 17. Rae1 Rad8 18. Kh1 h6 19. h3 Re5 20. Rxe5 Qxe5 21. Rd1 Rd6 22. Rf1 Rb6 23. b3 Rb4 24. Qf5 Qxc3 25. Qc8+ Kh7 26. Qf5+ Kg8 27. Qc8+ Kh7 28. Qf5+ Kh8 29. Qc8+ Ng8 30. d6 Rd4 31. d7 Qd2 32. Rxf7 Qe1+ 33. Kh2 Qe5+ 34. Kg1 Rd1+ 35. Rf1 Qd4+ 36. Kh2 Qd6+ 37. Kg1 Qd4+ 38. Kh2 Qd6+ 39. Kg1 Qxd7 0-1

[Event "Paris op"]
[Site "Paris"]
[Date "1998.??.??"]
[Round "9"]
[White "Rambeau, Julien"]
[Black "Kinsman, Andrew PH"]
[Result "1/2-1/2"]
[WhiteElo "2225"]
[BlackElo "2385"]
[PlyCount "84"]
[EventDate "1998.07.??"]
[EventType "swiss"]
[EventRounds "9"]
[EventCountry "FRA"]
[SourceTitle "EXT 2000"]
[Source "ChessBase"]
[SourceDate "1999.11.16"]
[SourceVersion "1"]
[SourceVersionDate "1999.11.16"]
[SourceQuality "1"]

1. c4 Nf6 2. Nc3 c5 3. g3 e6 4. Bg2 d5 5. cxd5 exd5 6. d4 cxd4 7. Qxd4 Nc6 8. Qa4 d4 9. Ne4 Bb4+ 10. Bd2 Bxd2+ 11. Nxd2 0-0 12. Nb3 Be6 13. Nf3 Bxb3 14. Qxb3 Qa5+ 15. Nd2 Rfe8 16. Bxc6 bxc6 17. Qd3 Ne4 18. Rd1 Nc5 19. Qc4 Rab8 20. 0-0 Qb4 21. Rfe1 Na4 22. Qxb4 Rxb4 23. Nb3 c5 24. Rd2 Kf8 25. Rc1 c4 26. Nxd4 Nxb2 27. Rcc2 Na4 28. Kg2 Rc8 29. Rd1 Nb6 30. Rdc1 Rc5 31. e3 Ke7 32. Nf3 Kd6 33. Nd2 Kc6 34. Ne4 Re5 35. Nd2 Kb5 36. Nb1 Ka5 37. Nd2 Kb5 38. Nb1 Ka6 39. Nd2 Rc5 40. Kf3 Kb5 41. Ne4 Rc6 42. Ke2 h6 1/2-1/2